000
00264nam a2200121Ia 4500
008
231106s2015 xx 000 0 und d
041
_a
eng
082
_a
751.42
100
_a
ARNOLD LOWREY
245
_a
BRUEGEL
260
_b
SEARCH PRESS
_c
2015
300
_a
P-376
999
_c
920124
_d
920124